|
|
|
|
| LEADER |
00000nab a2200000 a 4500 |
| 001 |
vtls000675036 |
| 003 |
SK-MaSNL |
| 005 |
20260304055638.0 |
| 008 |
180206c1998 xo 0 slo |
| 015 |
|
|
|a SNBRB1998/10-29451
|
| 035 |
|
|
|a CLN000027211
|
| 040 |
|
|
|a SNKBUCL
|b slo
|c SNKBUCL
|e AACR2
|
| 041 |
0 |
|
|a slo
|
| 044 |
|
|
|a xo
|c SK
|
| 080 |
|
|
|a 331.881(73)
|2 UDC-MRF-SK2
|
| 100 |
1 |
|
|a Fialová, Helena
|4 ain
|9 304866
|
| 245 |
1 |
0 |
|a Užitočne strávené dni v USA
|c Helena Fialová, Daniela Meruňková
|
| 300 |
|
|
|b Fotogr.
|
| 610 |
1 |
7 |
|a Odborový zväz pracovníkov obchodu a cestovného ruchu na Slovensku
|x návšteva Spojených štátov amerických
|2 snkbucl
|9 1341716
|
| 650 |
0 |
7 |
|a odbory
|2 SNKPH
|9 2328
|
| 651 |
|
7 |
|a Spojené štáty americké
|2 SNKPHgeo
|9 18262
|
| 655 |
|
7 |
|a články z novín a časopisov
|2 SNK
|9 267496
|
| 700 |
1 |
|
|a Meruňková, Daniela
|4 aut
|4 uin
|9 896988
|
| 773 |
0 |
|
|t Odborárske spektrum
|g Roč. 9, č. 43-44 (1998), s. 3
|
| 850 |
|
|
|a Slovenská národná knižnica v Martine
|
| 852 |
|
|
|a SNK
|b KIS3GCP
|
| 958 |
|
|
|a RBX
|
| 999 |
|
|
|c 2725708
|d 2727638
|